[Event "Cebu"]
[Site "Cebu"]
[Date "1992.??.??"]
[Round "5"]
[White "Mascarinas, Rico"]
[Black "Donguines, Fernie"]
[Result "0-1"]
[WhiteElo "2450"]
[BlackElo "2435"]

1.e4 d6 2.d4 g6 3.Nc3 Bg7 4.Be3 Nf6 5.f3 c6 6.Qd2 O-O 7.Bh6 b5 8.Bxg7 Kxg7
9.a4 bxa4 10.Rxa4 Nbd7 11.b3 c5 12.d5 a5 13.Bb5 Qb6 14.Nge2 e6 15.dxe6 fxe6
16.Bxd7 Nxd7 17.h4 h6 18.f4 Ra7 19.h5 g5 20.e5 c4 21.Rxc4 dxe5 22.Na4 Qb7
23.fxg5 Qxg2 24.Rg1 Qf2+ 25.Kd1 Ba6 26.Rcg4 Nb8 27.gxh6+ Kh8 28.Rg7 Rd7  0-1

[Event "Ceske Budejovice op"]
[Site "Ceske Budejovice"]
[Date "1992.??.??"]
[Round "4"]
[White "Prandstetter, Eduard"]
[Black "Gazik, Igor"]
[Result "1/2-1/2"]
[WhiteElo "2365"]
[BlackElo "2425"]

1.e4 g6 2.d4 Bg7 3.Nc3 d6 4.Nge2 Nf6 5.g3 O-O 6.Bg2 e5 7.h3 Re8 8.O-O c6
9.a4 Nbd7 10.Re1 a5 11.Be3 exd4 12.Bxd4 b6 13.g4 h6 14.Ng3 Bb7 15.f4 Qc7
16.Qd2 Rad8 17.Qf2 Nc5 18.f5 Ncd7 19.Be3 d5 20.g5 hxg5 21.Bxg5 d4 22.Nce2 c5
23.Nf4 Ne5 24.Nd5 Bxd5 25.exd5 Qd6 26.Bh4 Nc4 27.Ne4 Nxe4 28.Rxe4 Rxe4 29.Bxe4 Re8
30.Bg3 Be5 31.fxg6 fxg6 32.Rf1 Rf8 33.Bxe5 Nxe5 34.Qg2 Rxf1+ 35.Qxf1 Kg7
36.b3 Qf6 37.Qe2 Qf4 38.Bg2 Qc1+ 39.Bf1 Qg5+ 40.Kh1 Qf6 41.Bg2 Nf7 42.Bf3 Qe5
43.Kg2 Qg5+ 44.Kh1 Nd6 45.Bg2 Qc1+ 46.Kh2 Qf4+ 47.Kg1 Nf5 48.Qf2 Qe5 49.Qf3 Kf6
50.Kf2 g5 51.Bf1 Qh2+ 52.Bg2 Qe5 53.Bf1 Qh2+ 54.Bg2 Qe5  1/2-1/2

[Event "Ceske Budejovice op"]
[Site "Ceske Budejovice"]
[Date "1992.??.??"]
[Round "4"]
[White "Mokry, Karel"]
[Black "Glyanets, Alexander"]
[Result "1-0"]
[WhiteElo "2530"]
[BlackElo "2370"]

1.e4 g6 2.d4 Bg7 3.Nc3 d6 4.Be3 c6 5.f4 Qb6 6.Rb1 Nf6 7.Nf3 O-O 8.Qd2 Qc7
9.h3 Nbd7 10.g4 b5 11.b4 a5 12.a3 axb4 13.axb4 Nb6 14.Bd3 Nc4 15.Bxc4 bxc4
16.O-O Bb7 17.e5 Nd5 18.Nxd5 cxd5 19.c3 Bc8 20.Qf2 f6 21.Qg3 Ra2 22.Rbe1 Rc2
23.Bd2 dxe5 24.fxe5 fxe5 25.Nxe5 Rxf1+ 26.Rxf1 Be6 27.Bf4 Qa7 28.Nc6 Qd7
29.b5 h5 30.Be5 hxg4 31.Bxg7 gxh3 32.Qe5 Bf7 33.Qf4  1-0

[Event "Ceske Budejovice op"]
[Site "Ceske Budejovice"]
[Date "1992.??.??"]
[Round "8"]
[White "Prandstetter, Eduard"]
[Black "Glyanets, Alexander"]
[Result "1/2-1/2"]
[WhiteElo "2365"]
[BlackElo "2370"]

1.e4 g6 2.d4 Bg7 3.Nc3 d6 4.Nge2 Nf6 5.g3 O-O 6.Bg2 e5 7.h3 Nc6 8.Be3 exd4
9.Nxd4 Bd7 10.O-O Nxd4 11.Bxd4 c5 12.Be3 Bc6 13.e5 dxe5 14.Bxc6 bxc6 15.Bxc5 Re8
16.Qxd8 Rexd8 17.Rfd1 Nd5 18.Na4 Rdb8 19.Bd6 Rd8 20.Bc5 Rdb8 21.Rab1 e4 22.b3 Nb6
23.c4 Be5 24.Nb2 Rd8 25.a4 Rxd1+ 26.Nxd1 Rb8 27.Bxb6 axb6 28.Ne3 Kf8 29.b4 Ke7
30.b5 Kd7 31.g4 Ra8 32.c5 cxb5 33.Rxb5 bxc5 34.Rxc5 Bd6 35.Rc4 Re8 36.Nd5 Re5
37.Nf6+ Kd8 38.Nxe4 Be7 39.f4 Rd5 40.Nc3 Rd3 41.Kg2 Bd6 42.a5 Bb8 43.a6 g5
44.Rb4 Kc8 45.Rc4+ Kd8 46.fxg5 Rg3+ 47.Kf1 Rxh3 48.Nb5 Rh1+ 49.Ke2 Ra1 50.Rc6 Ra4
51.Rf6 Rb4 52.a7 Bxa7 53.Nxa7 Rxg4 54.Rf5 Rh4 55.Rxf7 Ke8 56.Rb7 Rh5 57.Rb5 h6
58.g6 Rxb5 59.Nxb5 Kf8  1/2-1/2

[Event "JUG-chT"]
[Site "Cetinje"]
[Date "1992.??.??"]
[Round "?"]
[White "Bojkovic, Natasa"]
[Black "Petrovic, Marija"]
[Result "1/2-1/2"]
[WhiteElo "2365"]
[BlackElo "2270"]

1.e4 g6 2.d4 Bg7 3.Nc3 d6 4.Be3 Nf6 5.h3 O-O 6.Nf3 c6 7.a4 a5 8.Nd2 Na6 9.Be2 Nb4
10.O-O Ne8 11.Ncb1 d5 12.c3 Na6 13.Na3 Nd6 14.exd5 cxd5 15.Nb5 Nc7 16.Nxd6 Qxd6
17.Nf3 Bd7 18.Qd2 Ne6 19.Rfe1 Rfb8 20.Ng5 Nxg5 21.Bxg5 Re8 22.Bf4 Qb6 23.Bf3 Bc6
24.h4 Qd8 25.h5 Qd7 26.Qd1 b5 27.axb5 Bxb5 28.Bg4 Qb7 29.Qd2 Ra6 30.Re3 Bd7
31.Bxd7 Qxd7 32.Rh3 Qf5 33.Bh6 Bf6 34.hxg6 hxg6 35.Bf4 Bg7 36.Bh6 Bf6 37.Bf4 Bg7
38.Bh6 Bf6  1/2-1/2

[Event "JUG-chT"]
[Site "Cetinje"]
[Date "1992.??.??"]
[Round "?"]
[White "Novoselski, Zoran"]
[Black "Matulovic, Milan"]
[Result "1/2-1/2"]
[WhiteElo "2370"]
[BlackElo "2450"]

1.d4 g6 2.e4 Bg7 3.Nc3 d6 4.Be3 c6 5.Qd2 b5 6.Bd3 Nf6 7.h3 e5 8.Nf3 exd4
9.Nxd4 O-O 10.a3 a6 11.Nde2 Re8 12.O-O c5 13.Ng3 Bb7 14.Rfe1 Nbd7 15.Bg5 Qb6
16.Bf1 c4 17.Rad1 Nc5 18.Be3 Qc7 19.Bd4 Ne6 20.Bxf6 Bxf6 21.Qxd6 Qxd6 22.Rxd6 Be5
23.Rdd1 Nc5 24.Nd5 Bxd5 25.Rxd5 Rac8  1/2-1/2

[Event "JUG-chT"]
[Site "Cetinje"]
[Date "1992.??.??"]
[Round "?"]
[White "Mikhalchishin, Adrian"]
[Black "Todorcevic, Miodrag"]
[Result "0-1"]
[WhiteElo "2515"]
[BlackElo "2465"]

1.d4 g6 2.e4 Bg7 3.Nc3 d6 4.f4 Nf6 5.Nf3 O-O 6.Be3 Nbd7 7.Qd2 a6 8.e5 Ng4
9.Bg1 b5 10.h3 Nh6 11.g4 Bb7 12.Bg2 b4 13.Ne2 c5 14.O-O-O Qa5 15.Kb1 Nb6
16.dxc5 Na4 17.cxd6 exd6 18.Ned4 dxe5 19.Nb3 Qc7 20.Nxe5 Rad8 21.Bd4 f6 22.Nd3 Bxg2
23.Qxg2 a5 24.Rhe1 Rf7 25.Qf2 Rfd7 26.Ndc5 Nxc5 27.Nxc5 Qxc5  0-1

[Event "CSR-chT"]
[Site "CSR"]
[Date "1992.??.??"]
[Round "?"]
[White "Hajek, Michal"]
[Black "Petran, Peter"]
[Result "1-0"]
[WhiteElo "2315"]
[BlackElo "2380"]

1.e4 g6 2.d4 Bg7 3.Nc3 d6 4.h3 Nf6 5.g3 O-O 6.Bg2 c5 7.Nge2 cxd4 8.Nxd4 Qb6
9.Nb3 Nc6 10.O-O Be6 11.Nd5 Bxd5 12.exd5 Ne5 13.Be3 Qc7 14.Bd4 Nfd7 15.Re1 Rfe8
16.f4 Nc4 17.Bxg7 Kxg7 18.Qd4+ Kg8 19.Kh2 Rac8 20.Re2 Qb6 21.c3 Nf6 22.Qxb6 Nxb6
23.Rd1 h5 24.Rd4 Rc7 25.Bf3 Rec8 26.g4 Kf8 27.Na5 hxg4 28.hxg4 Rc5 29.Nxb7 Rc4
30.Red2 Rxd4 31.Rxd4 Rc4 32.Rxc4 Nxc4 33.g5 Nd2 34.gxf6 Nxf3+ 35.Kg3 Nd2
36.fxe7+ Kxe7 37.Na5 Kf6 38.Kg4 a6 39.b3 Ne4 40.c4 Nf2+ 41.Kf3 Nd3 42.Nc6 g5
43.fxg5+ Kxg5 44.b4 f5 45.c5 dxc5 46.d6 Nf4 47.d7 Ne6 48.bxc5 Kf6 49.Ke3 f4+
50.Kf3 Kf5 51.d8=Q Nxd8 52.Nxd8 Ke5 53.c6 Kd6 54.Kxf4 Kc7 55.Ke5  1-0

[Event "CSR-chT"]
[Site "CSR"]
[Date "1992.??.??"]
[Round "?"]
[White "Mokry, Karel"]
[Black "Pastircak, Milan"]
[Result "0-1"]
[WhiteElo "2535"]
[BlackElo "2385"]

1.e4 g6 2.d4 Bg7 3.Nc3 d6 4.Be3 a6 5.Qd2 b5 6.f3 Nd7 7.h4 h5 8.Nh3 Ngf6 9.Ng5 Bb7
10.O-O-O e5 11.d5 Rc8 12.Kb1 Nb6 13.Qf2 b4 14.Ne2 Nc4 15.Nc1 Nxe3 16.Qxe3 Bh6
17.g3 c5 18.Bh3 Rc7 19.f4 exf4 20.gxf4 Re7 21.Qf3 Bxg5 22.fxg5 Nxe4 23.Ne2 O-O
24.Nf4 Bc8 25.Rhg1 Bxh3 26.Qxh3 Rfe8 27.Qd3 Qb6 28.Ka1 Qb5 29.Qf3 c4 30.Ne6 Nc5
31.Qf6 fxe6 32.Qxg6+ Rg7 33.Qxh5 b3 34.cxb3 Nxb3+  0-1

[Event "CSR-chT"]
[Site "CSR"]
[Date "1992.??.??"]
[Round "?"]
[White "Prandstetter, Eduard"]
[Black "Petran, Peter"]
[Result "1-0"]
[WhiteElo "2410"]
[BlackElo "2380"]

1.e4 g6 2.d4 Bg7 3.Nc3 d6 4.Nge2 Nd7 5.g3 c5 6.Bg2 cxd4 7.Nxd4 Ngf6 8.O-O O-O
9.Kh1 Ne5 10.f4 Nc6 11.Nxc6 bxc6 12.e5 dxe5 13.Qxd8 Rxd8 14.Bxc6 Bh3 15.Bxa8 Bxf1
16.Bf3 Bh3 17.Be3 exf4 18.Bxa7 Ng4 19.Rd1 Rxd1+ 20.Nxd1 g5 21.Bg2 Bxg2+ 22.Kxg2 f5
23.gxf4 gxf4 24.a4 Ne5 25.a5 Nc6 26.Bb6 Be5 27.a6 Bb8 28.Nc3 Nb4 29.a7 Bxa7
30.Bxa7 Nxc2 31.Nd5 Ne1+ 32.Kf1 Nd3 33.b4 e5 34.b5 Kf7 35.Bg1 Ke6 36.b6  1-0

[Event "CSR-chT"]
[Site "CSR"]
[Date "1992.??.??"]
[Round "?"]
[White "Goban, Marek"]
[Black "Safyanovsky, Mark"]
[Result "0-1"]
[WhiteElo "2230"]
[BlackElo "2340"]

1.e4 g6 2.d4 Bg7 3.Nc3 d6 4.f4 Nf6 5.Nf3 c5 6.dxc5 Qa5 7.Bd3 Qxc5 8.Qe2 O-O
9.Bd2 Nc6 10.Na4 Qh5 11.O-O Bg4 12.Be3 Nd7 13.Qd2 Rfc8 14.Nc3 Qa5 15.Nd5 Qxd2
16.Nxd2 Be6 17.c3 Nc5 18.Bc2 f5 19.Bxc5 dxc5 20.Ne3 Rf8 21.exf5 gxf5 22.Nf3 b5
23.Nh4 b4 24.Nexf5 Bf6 25.Be4 Rac8 26.Rf3 Kh8 27.Rh3 Bxh4 28.Nxh4 Bxh3 29.gxh3 Rxf4
30.Bf5 Rg8+ 31.Bg4 bxc3 32.bxc3 Rc4 33.Ng2 Rxc3 34.Be6 Rg6 35.Bf5 Rf6 36.Be4 Nd4  0-1

[Event "CSR-chT"]
[Site "CSR"]
[Date "1992.??.??"]
[Round "?"]
[White "Jansa, Vlastimil"]
[Black "Gazik, Igor"]
[Result "1-0"]
[WhiteElo "2460"]
[BlackElo "2435"]

1.e4 g6 2.d4 Bg7 3.Nc3 d6 4.Be3 Nf6 5.Qd2 c6 6.Bh6 Bxh6 7.Qxh6 b5 8.e5 b4
9.exf6 bxc3 10.bxc3 exf6 11.Bd3 Qe7+ 12.Ne2 Qf8 13.Qd2 Qe7 14.O-O O-O 15.Rfe1 f5
16.c4 Nd7 17.Rab1 Nb6 18.Qa5 Be6 19.Nf4 Qf6 20.c5 dxc5 21.Nxe6 fxe6 22.Qxc5 Rac8
23.Ba6 Rc7 24.Qd6 Re7 25.Qxc6 Qxd4 26.Rxe6 Qd7 27.Qxd7 Rxd7 28.Kf1 Rfd8 29.Bd3 Rc7
30.Re5 Nd5 31.g3 Kg7 32.Rb5 Nc3 33.Ra5 Kf6 34.Re3 Ne4 35.Ke2 Nc3+ 36.Kf3 Nb1  1-0

[Event "CSR-chT"]
[Site "CSR"]
[Date "1992.??.??"]
[Round "?"]
[White "Velicka, Petr"]
[Black "Petran, Peter"]
[Result "1-0"]
[WhiteElo "2410"]
[BlackElo "2380"]

1.e4 g6 2.d4 Bg7 3.Nc3 d6 4.Be2 Nc6 5.Nf3 Bg4 6.d5 Bxf3 7.Bxf3 Ne5 8.Be2 Nf6
9.O-O O-O 10.a4 c6 11.Ra3 cxd5 12.exd5 Rc8 13.Rb3 Qc7 14.Nb5 Qxc2 15.Nxa7 Rc7
16.Nb5 Rc5 17.Be3 Nxd5 18.Bxc5 Qxc5 19.Nc3 Nxc3 20.Rxc3 Qa5 21.Rb3 Qa7 22.Bf3 Rb8
23.Rb5 b6 24.Be4 Rc8 25.b4 Nc4 26.Bd5 Nb2 27.Qb3 Rf8 28.a5 bxa5 29.Rb7 Qd4
30.bxa5 e6 31.Bf3 Nc4 32.Qb4 d5 33.a6 Be5 34.Qxf8+ Kxf8 35.a7 Qf4 36.a8=Q+ Kg7
37.Rd1 Nd2 38.Rxd2 Qxd2 39.Rb1 Qf4 40.Qa2 Qxh2+ 41.Kf1 Qf4 42.Qe2 h5 43.Qe3 Qf5
44.Rb7 Bf4 45.Qe2 Be5 46.g4 hxg4 47.Bxg4 Qf6 48.Qf3 Bf4 49.Ra7 Qd4 50.Rb7 Kg8
51.Qa3 Qe4 52.Qb4 d4 53.Qb5 Qh1+ 54.Ke2 Qe4+ 55.Kd1 Qh1+ 56.Kc2 Kg7 57.Qd7 Qc1+
58.Kd3 e5 59.Qxf7+ Kh6 60.Rb3 Qf1+ 61.Ke4 Qg2+ 62.Bf3 Qxf2 63.Qf8+ Kg5 64.Qd8+ Kh6
65.Bd1 Qg2+ 66.Rf3 Qg4 67.Rh3+ Qxh3 68.Qh8+ Kg5 69.Qxh3  1-0

[Event "CSR-chT"]
[Site "CSR"]
[Date "1992.??.??"]
[Round "?"]
[White "Velicka, Petr"]
[Black "Vokac, Marek"]
[Result "1/2-1/2"]
[WhiteElo "2410"]
[BlackElo "2450"]

1.e4 g6 2.d4 Bg7 3.Nc3 d6 4.Nf3 a6 5.Be2 b5 6.a4 b4 7.Nd5 Bb7 8.O-O Nc6 9.c3 e6
10.Ne3 bxc3 11.Qb3 Rb8 12.bxc3 Nf6 13.Qc2 O-O 14.Ba3 Re8 15.Rfd1 Ne7 16.Nd2 Qd7
17.Ndc4 d5 18.Na5 Ba8 19.e5 Ne4 20.Bxa6 Nd2 21.Rxd2 f6 22.f4 fxe5 23.fxe5 Bh6
24.Re2 Nf5 25.Bb5 c6 26.Bd3 Bxe3+ 27.Kh1 Ng3+ 28.hxg3 Qg7 29.Rxe3 Qh6+ 30.Kg1  1/2-1/2

[Event "EU-chT (Men)"]
[Site "Debrecen"]
[Date "1992.??.??"]
[Round "3"]
[White "Dimitrov, Vladimir"]
[Black "Nijboer, Friso"]
[Result "0-1"]
[WhiteElo "2405"]
[BlackElo "2455"]

1.e4 d6 2.d4 g6 3.Nc3 Bg7 4.Be3 a6 5.Qd2 b5 6.f3 c6 7.h4 Nf6 8.Bh6 Bxh6 9.Qxh6 Qa5
10.Ne2 Nbd7 11.Nc1 c5 12.Nb3 Qc7 13.Qe3 cxd4 14.Qxd4 Qb6 15.Qd2 Bb7 16.O-O-O Nc5
17.Nxc5 Qxc5 18.Bd3 O-O-O 19.Kb1 Kb8 20.Qh6 Rc8 21.Rhe1 Nd7 22.f4 e5 23.g3 Qf2
24.Qg5 Rhe8 25.Rf1 Qb6 26.f5 Rxc3 27.bxc3 Nc5 28.fxg6 fxg6 29.Rf7 Na4 30.Rdf1 Qc5
31.Kc1 Qa3+ 32.Kd1 Nxc3+ 33.Ke1 d5 34.Rd7 dxe4 35.Rff7 Bc8 36.Qe3 Bxd7 37.Rxd7 Kc8
38.Qa7 Qc1+ 39.Kf2 Nd1+ 40.Ke1 Nc3+ 41.Kf2 Nd1+ 42.Ke1 Nb2+  0-1

[Event "EU-chT (Women)"]
[Site "Debrecen"]
[Date "1992.??.??"]
[Round "5"]
[White "Maskova, Jana"]
[Black "Gurieli, Nino"]
[Result "1-0"]
[WhiteElo "2220"]
[BlackElo "2375"]

1.e4 g6 2.d4 Bg7 3.Nc3 d6 4.Be3 a6 5.Qd2 b5 6.Bd3 Bb7 7.Nge2 Nd7 8.a4 b4
9.Nd1 Ngf6 10.f3 c5 11.c3 a5 12.Bh6 O-O 13.h4 e5 14.h5 cxd4 15.hxg6 fxg6
16.Bxg7 Kxg7 17.Qh6+ Kg8 18.Bc4+ d5 19.exd5 Nb6 20.Bd3 Qe8 21.c4 Nbd7 22.Nf2 Qf7
23.b3 Nc5 24.Bc2 Rae8 25.O-O Bc8 26.Ng3 Qa7 27.Kh1 Qc7 28.Rae1 Ba6 29.Qg5 Kh8
30.Nge4 Ncxe4 31.Nxe4 Nxe4 32.Rxe4 Rf5 33.Qg3 Qe7 34.Rh4 Rg5 35.Qf2 Kg7 36.f4 Rf8
37.Qe1 Qf6 38.Kg1 d3 39.Bxd3 exf4 40.Rfxf4 Qxf4 41.Rxf4 Rxf4 42.Qe7+ Kh6
43.d6 Rg3 44.d7 Rxd3 45.d8=Q Rxd8 46.Qxd8 Rf5 47.c5 Bb7 48.Qxa5 Rg5 49.Qxb4 Rxg2+
50.Kf1 Bc6 51.Qh4+ Kg7 52.Qe7+ Kh6 53.Qe6  1-0

[Event "EU-chT (Men)"]
[Site "Debrecen"]
[Date "1992.??.??"]
[Round "5"]
[White "David, Alberto"]
[Black "McNab, Colin Anderson"]
[Result "1-0"]
[WhiteElo "2365"]
[BlackElo "2475"]

1.e4 g6 2.d4 d6 3.Nc3 Bg7 4.Be3 c6 5.Qd2 Nf6 6.f3 Nbd7 7.g4 b5 8.h4 h5 9.g5 Nh7
10.a4 b4 11.Nd1 a5 12.c3 Rb8 13.Bd3 e5 14.f4 bxc3 15.bxc3 exd4 16.Bxd4 O-O
17.Nf3 Nc5 18.Bxc5 dxc5 19.O-O Bg4 20.Ne3 Re8 21.e5 Nf8 22.Qc2 Ne6 23.Nxg4 hxg4
24.Nh2 Qd7 25.f5 Nd4 26.cxd4 Qxd4+ 27.Qf2 Qxf2+ 28.Rxf2 g3 29.Rf3 gxh2+ 30.Kh1 gxf5
31.Raf1 Rb4 32.h5 Rg4 33.h6 Bxe5 34.Rxf5 c4 35.Be2 Re4 36.Bh5 Re7 37.Bxf7+ Kh7
38.Bh5 c3 39.Bd1 Rd4 40.Bc2 Rd2 41.Rf7+ Kg8 42.Rf8+  1-0

[Event "EU-chT (Men)"]
[Site "Debrecen"]
[Date "1992.??.??"]
[Round "8"]
[White "Godena, Michele"]
[Black "Petursson, Margeir"]
[Result "1-0"]
[WhiteElo "2425"]
[BlackElo "2555"]

1.e4 g6 2.d4 Bg7 3.Nc3 d6 4.Nge2 Nf6 5.g3 O-O 6.Bg2 e5 7.h3 c6 8.O-O b5 9.Be3 Bb7
10.dxe5 dxe5 11.a4 b4 12.Qxd8 Rxd8 13.Rfd1 Nbd7 14.Nb1 Ba6 15.Nc1 Bc4 16.Nd2 Be6
17.Ncb3 Rdc8 18.Bf1 c5 19.Na5 Nb6 20.b3 Nfd7 21.Ndc4 Bf8 22.Rd2 Rc7 23.Rad1 Nxc4
24.Nxc4 a5 25.Kg2 Be7 26.f3 Kg7 27.h4 h6 28.Be2 h5 29.Bf1 Kh7 30.Be2 Bf8
31.Bf1 Bh6 32.Bxh6 Kxh6 33.Rd6 Kg7 34.Ne3 Raa7 35.Bc4 Nf8 36.Kf2 Bd7 37.Nd5 Rcb7
38.Nb6 Be6 39.Bxe6 Nxe6 40.R1d5 Nd4 41.Nc8 Ra8 42.Rxc5 Ne6 43.Rc4 Nd4 44.Rc5 Ne6
45.Rc4 Nd4 46.Rd5 f6 47.Ke3 Ne6 48.Rd6 Nd4 49.f4 Rf7 50.Rd5 Rf8 51.Rc7+ Rf7
52.Rc4 Rf8 53.Nb6 Ra7 54.fxe5 fxe5 55.Rxe5 Nf3 56.Rec5 Rff7 57.e5 Rae7 58.Re4 Rf5
59.Nc4 Nh2 60.Rf4 Ng4+ 61.Kd4  1-0

[Event "EU-chT (Men)"]
[Site "Debrecen"]
[Date "1992.??.??"]
[Round "8"]
[White "Rasik, Vitezslav"]
[Black "Nijboer, Friso"]
[Result "0-1"]
[WhiteElo "2370"]
[BlackElo "2455"]

1.e4 d6 2.d4 g6 3.Nc3 Bg7 4.Be3 c6 5.Qd2 Nf6 6.Bh6 Bxh6 7.Qxh6 Qa5 8.Bd3 c5
9.Ne2 cxd4 10.Nxd4 Qb6 11.O-O-O Nc6 12.Bb5 Bd7 13.Nd5 Nxd5 14.exd5 Nxd4 15.Qg7 Rf8
16.Bxd7+ Kxd7 17.Qxd4 Qxd4 18.Rxd4 e5 19.dxe6+ fxe6 20.Rhd1 d5 21.R1d2 Rac8
22.b3 Kd6 23.Kb2 g5 24.h4 h6 25.hxg5 hxg5 26.c4 Rf5 27.cxd5 Rxd5 28.Rxd5+ exd5
29.Rc2 Rf8 30.Kc3 a5 31.Kd4 b5 32.Re2 Rf4+ 33.Kd3 a4 34.bxa4 Rxa4 35.Rc2 g4
36.f3 Ra3+ 37.Ke2 g3 38.Rb2 Ke5 39.Rxb5 Rxa2+ 40.Ke3 Rxg2 41.f4+ Kd6 42.Kf3 Rg1
43.Rb6+ Kc5 44.Rg6 Rf1+ 45.Ke2 Rf2+ 46.Ke1 Rf3 47.Ke2 Ra3 48.Kf1 d4 49.Kg2 d3
50.Rxg3 Kd4 51.Rg8 d2 52.Rd8+ Ke3 53.Kg3 Rd3  0-1

[Event "Dresden (Women)"]
[Site "Dresden"]
[Date "1992.??.??"]
[Round "?"]
[White "Micic, Jordanka"]
[Black "Kunze, Kerstin"]
[Result "1/2-1/2"]
[WhiteElo "2275"]
[BlackElo "2160"]

1.e4 g6 2.d4 Bg7 3.Nc3 d6 4.Be3 Nf6 5.Qd2 Ng4 6.Bg5 h6 7.Bh4 c6 8.Nf3 b5
9.Bd3 Qc7 10.h3 Nf6 11.Bg3 Nh5 12.Bh2 e5 13.g4 exd4 14.Ne2 Nf6 15.e5 dxe5
16.Bxe5 Qe7 17.O-O-O O-O 18.Nexd4 c5 19.Nxb5 Bb7 20.Bd6 Qe6 21.Qe2 Qxe2 22.Bxe2 Re8
23.Be5 Nc6 24.Nd6 Nxe5 25.Nxb7 Ne4 26.Nd6 Nxf2 27.Nxe8 Rxe8 28.Nxe5 Bxe5
29.Bc4 Bf4+ 30.Kb1 Nxh1 31.Rxh1 Re3 32.a3 Kg7 33.Rd1 Rxh3 34.Rd7 Kf6 35.Rxf7+ Kg5
36.Be6 Re3 37.Bd7 c4 38.Bb5 Re1+ 39.Ka2 Rc1 40.Bxc4 Rxc2 41.Be6 Be5 42.Rb7 Rc6  1/2-1/2

[Event "ESP-chT"]
[Site "?"]
[Date "1992.??.??"]
[Round "?"]
[White "Narciso Dublan, Marc"]
[Black "Fernandez Lopez, Felix"]
[Result "0-1"]
[WhiteElo "2240"]
[BlackElo "2330"]

1.e4 d6 2.Nc3 g6 3.d4 Bg7 4.Nf3 Nf6 5.Bf4 O-O 6.Qd2 Bg4 7.Bh6 Bxf3 8.gxf3 e5
9.Ne2 Nc6 10.d5 Ne7 11.Ng3 c6 12.dxc6 bxc6 13.Bxg7 Kxg7 14.O-O-O d5 15.Rg1 Rb8
16.Qg5 Qc7 17.f4 exf4 18.e5 Nfg8 19.Qxf4 Kh8 20.Qd4 Qb6 21.Bg2 c5 22.Qc3 d4
23.Qa3 f5 24.exf6 Nxf6 25.Rge1 Ned5 26.Ne4 Nxe4 27.Bxe4 Nf6 28.f3 a5 29.Rd3 c4
30.Rdd1 Rfe8 31.b3 c3 32.Qa4 Red8 33.Rd3 Rd6 34.Red1 Rbd8 35.a3 Nxe4 36.fxe4 Qc5
37.Kb1 Qe5 38.h3 Kg7 39.Qc4 h5 40.Rf1 Rf6 41.Rfd1 Rfd6 42.Rf3 Kh6 43.Qe2 Re8
44.Re1 Qe6 45.Qb5 Rb6 46.Qa4 Rd8 47.Rd3 Qe5 48.Qc4 Qh2 49.Rxd4 Rxb3+ 50.Qxb3 Rb8
51.Ka2 Rxb3 52.Kxb3 Qb8+ 53.Kc4 Qc7+ 54.Kd3 Qh2 55.Rd1 Qxh3+ 56.Kc4 Qe6+
57.Kxc3 h4 58.Rh1 g5 59.Kd3 Qg4 60.Rd6+ Kh5 61.Rf6 h3 62.Ke3 Qg2 63.Rff1 Kh4
64.c4 Qb2 65.c5 Qc3+ 66.Ke2 Qc4+ 67.Kf3 Qd3+ 68.Kf2 g4 69.Ke1 Qxe4+  0-1

[Event "Forli op"]
[Site "Forli"]
[Date "1992.??.??"]
[Round "2"]
[White "Caposciutti, Maurizio"]
[Black "Aurel, J."]
[Result "1-0"]
[WhiteElo "2305"]
[BlackElo "2225"]

1.e4 g6 2.d4 d6 3.Nc3 Bg7 4.Nf3 a6 5.a4 Nc6 6.h3 e5 7.Be3 exd4 8.Nxd4 Nf6
9.g3 Bd7 10.Bg2 O-O 11.O-O Re8 12.Nde2 Nb4 13.a5 c5 14.g4 h5 15.g5 Nh7 16.Qd2 f6
17.gxf6 Qxf6 18.Nf4 Bc6 19.Nfd5 Nxd5 20.Nxd5 Qf7 21.c3 Rad8 22.Rad1 Nf6 23.Bg5 Rd7
24.Rfe1 Bxd5 25.exd5 Rde7 26.Re6 Rxe6 27.dxe6 Qxe6 28.Qxd6 Qxd6 29.Rxd6 Re1+
30.Bf1 Ne4 31.Rd8+ Kf7 32.Rd7+ Kf8 33.Be3 Bf6 34.Kg2 Bg5 35.Bxg5 Nxg5 36.Rxb7 Nxh3
37.Bxa6 Nf4+ 38.Kf3 g5 39.Bc4 Nh3 40.a6 g4+ 41.Kg3  1-0

[Event "Forli op"]
[Site "Forli"]
[Date "1992.??.??"]
[Round "2"]
[White "Mauro, Alan"]
[Black "Trevisani, Bruno"]
[Result "0-1"]
[WhiteElo "2230"]
[BlackElo "2315"]

1.e4 g6 2.d4 Bg7 3.Nc3 d6 4.Be2 Nc6 5.Be3 Nf6 6.h4 h5 7.f3 O-O 8.Nh3 Bxh3
9.Rxh3 e5 10.d5 Nd4 11.Qd2 c5 12.Nd1 Nh7 13.Bf1 Qd7 14.c3 Nb5 15.Nf2 Nc7
16.O-O-O Ne8 17.g4 Nef6 18.Be2 Kh8 19.Rg1 Rg8 20.Rhg3 Qe7 21.Bg5 Qc7 22.Bd3 c4
23.Bc2 b5 24.Nh3 a5 25.Bh6 b4 26.Bxg7+ Rxg7 27.Ng5 Rb8 28.Nxh7 Rxh7 29.Qg5 Qd8
30.Qe3 b3 31.axb3 cxb3 32.Bb1 a4 33.g5 Nd7 34.R3g2 Qa5 35.f4 a3 36.bxa3 Qxa3+
37.Rb2 Nc5 38.Rg2 Rg7 39.fxe5 dxe5 40.Rf2 Rb7 41.Qg3 Qa1 42.Rfe2 Kh7 43.Qe3 Qa5
44.Qd2 Na4 45.c4 Qc5 46.Qd3 Qd4  0-1

[Event "Forli op"]
[Site "Forli"]
[Date "1992.??.??"]
[Round "3"]
[White "Lagumina, Giulio"]
[Black "Arduman, Can"]
[Result "1-0"]
[WhiteElo "2250"]
[BlackElo "2405"]

1.e4 g6 2.d4 Bg7 3.Nc3 d6 4.f4 c6 5.Nf3 Bg4 6.Be3 Qb6 7.Qd2 Nf6 8.Be2 Qxb2
9.Rb1 Qa3 10.Rxb7 O-O 11.O-O Bc8 12.Rb3 Qa5 13.Nd5 Qd8 14.Nxf6+ exf6 15.Bd3 Ba6
16.Rxb8 Rxb8 17.Bxa6 d5 18.exd5 Qxd5 19.c4 Qe4 20.c5 Rfe8 21.Bf2 Bh6 22.Re1 Rb1
23.Bf1 Rxe1 24.Qxe1 f5 25.g3 Kf8 26.Qxe4 fxe4 27.Ne5 Rc8 28.Ba6 Rc7 29.Be1 f6
30.Ba5 fxe5 31.Bxc7 exd4 32.Be5 d3 33.Kf2  1-0

[Event "Forli op"]
[Site "Forli"]
[Date "1992.??.??"]
[Round "8"]
[White "Pieri, Filippo"]
[Black "Trevisani, Bruno"]
[Result "0-1"]
[WhiteElo "2235"]
[BlackElo "2315"]

1.e4 g6 2.d4 Bg7 3.Nc3 d6 4.f4 Nc6 5.Be3 Nf6 6.Be2 O-O 7.Nf3 e6 8.Qd2 b6
9.O-O-O Bb7 10.e5 Ng4 11.h4 dxe5 12.fxe5 Nxe3 13.Qxe3 Ne7 14.g4 Nd5 15.Qd2 Nxc3
16.bxc3 Qe7 17.Kb2 Rfd8 18.h5 c5 19.hxg6 hxg6 20.Rh3 cxd4 21.cxd4 Rac8 22.Rdh1 Bxf3
23.Bxf3 f6 24.Be4 f5 25.gxf5 exf5 26.Bg2 Qxe5 27.c3 Qb5+ 28.Ka1 Rd6 29.Qf4 Rcd8
30.Rh7 Qd7 31.Kb2 Qb5+ 32.Ka1 Qd7 33.Kb1 Qe7 34.Bf1 b5 35.Qh2 Qf6 36.Bd3 Rc6
37.Kb2 b4 38.Bc2 bxc3+ 39.Ka1 Qxd4 40.Qe2 Kf8 41.Qg2 Qd1+  0-1

[Event "Forli op"]
[Site "Forli"]
[Date "1992.??.??"]
[Round "9"]
[White "Fries Nielsen, Jens Ove"]
[Black "Arduman, Can"]
[Result "1-0"]
[WhiteElo "2385"]
[BlackElo "2405"]

1.e4 g6 2.d4 Bg7 3.Nc3 d6 4.Be3 c6 5.Qd2 b5 6.f3 Qa5 7.Nge2 Nf6 8.h4 b4 9.Nd1 h5
10.Nf2 Nbd7 11.Nd3 Rb8 12.Nec1 Qc7 13.Be2 c5 14.dxc5 dxc5 15.Bf4 e5 16.Be3 O-O
17.b3 Rd8 18.c3 a5 19.Qc2 Qd6 20.Nb2 Ba6 21.O-O Bxe2 22.Nxe2 Qa6 23.Rfd1 Nf8
24.Bxc5 bxc3 25.Nc4 Ne6 26.Be3 a4 27.Qxc3 Rxd1+ 28.Rxd1 axb3 29.axb3 Qb5
30.Rb1 Nd7 31.Rd1 Qc6 32.Rd5 Ndf8 33.Qd3 Qa6 34.Na5 Qc8 35.Qc4 Qd8 36.Nc6 Ra8
37.Rd1 Kh7 38.b4 Ra3 39.Bf2 Qa8 40.b5 Ra1 41.Qc2 Ra2 42.Qd3 Qb7 43.Rb1 Nd7
44.Qc4 Ra8 45.Nb4 Ra5 46.Nd5 Nb8 47.Nec3 Bf8 48.Nb4 Ra3 49.Ncd5 Ra4 50.b6 Ra5
51.Rc1 Bc5 52.Nd3 Bxf2+ 53.Kxf2 Ra6 54.Nc5 Nxc5 55.Qxc5 Ra2+ 56.Kg1 Na6 57.Qf8  1-0

[Event "FRA-chT"]
[Site "?"]
[Date "1992.??.??"]
[Round "?"]
[White "Sokolov, Andrei"]
[Black "Ebalard, Marc"]
[Result "1/2-1/2"]
[WhiteElo "2565"]
[BlackElo "2255"]

1.e4 g6 2.d4 Bg7 3.Nc3 d6 4.Be3 c6 5.Qd2 b5 6.f3 Bb7 7.Nh3 Nd7 8.Nf2 a6 9.a4 b4
10.Ncd1 a5 11.c3 bxc3 12.bxc3 Qc7 13.Bd3 d5 14.O-O f6 15.Re1 e5 16.exd5 cxd5
17.Bb5 Ne7 18.dxe5 fxe5 19.Bg5 Nf5 20.Ne3 Nxe3 21.Rxe3 O-O 22.Ng4 Nc5 23.Rae1 e4
24.Bh6 Rad8 25.Bxg7 Qxg7 26.Qd4 Rc8 27.Rd1 Kh8 28.Nf2 Ba8 29.fxe4 Nxe4 30.Nxe4 dxe4
31.Qxg7+ Kxg7 32.c4 Kf6 33.Rc3 Rfd8 34.Rxd8 Rxd8 35.c5 Ke5 36.c6 Rc8 37.Kf2 Kd6
38.Rc4 Bxc6 39.Bxc6 Rxc6 40.Rxe4 Rb6  1/2-1/2

[Event "FRA-chT"]
[Site "?"]
[Date "1992.??.??"]
[Round "?"]
[White "Schabanel, Stephane"]
[Black "Seret, Jean Luc"]
[Result "0-1"]
[WhiteElo "2230"]
[BlackElo "2415"]

1.e4 g6 2.d4 Bg7 3.Nc3 d6 4.f4 a6 5.Nf3 b5 6.Bd3 Nd7 7.e5 Nh6 8.O-O O-O 9.a4 b4
10.Ne4 c5 11.dxc5 dxe5 12.fxe5 Nxe5 13.Nxe5 Qd4+ 14.Kh1 Qxe5 15.Bf4 Qd5 16.Qe1 a5
17.Bxh6 Bxh6 18.Qh4 Kg7 19.Qxe7 Bb7 20.Qf6+ Kg8 21.Qf2 Bg7 22.Rad1 Bxb2 23.c3 Bxc3
24.Nxc3 bxc3 25.Bb5 Qg5 26.c6 Bc8 27.Rc1 Be6 28.Rxc3 Rad8 29.Rg3 Qe5 30.Re3 Qc5
31.Qg3 Rd2 32.Rc3 Qd4 33.h3 Ra2 34.Rd3 Qb2 35.c7 Qc2 36.Rd8 Qc5 37.Re1 Rc2
38.Rxf8+ Kxf8 39.Qh4 Kg7 40.Rd1 Qxc7 41.Qd4+ Kg8 42.Bd3 Rc1 43.Rxc1 Qxc1+
44.Kh2 Qc7+ 45.Kh1 Qd7 46.Qe4 Bd5 47.Qh4 Bxg2+ 48.Kxg2 Qxd3 49.Qf4 Qd5+ 50.Kg3 Kg7
51.h4 h5 52.Kh2 Qf5 53.Qd4+ Qf6 54.Qe4 Qf2+ 55.Kh1 Qf5 56.Qd4+ Qf6 57.Qe4 Qb2
58.Kg1 Kh7 59.Qd5 Qc1+ 60.Kg2 Qf4 61.Qxa5 Qg4+ 62.Kf1 Qxh4 63.Qb5 Qf4+ 64.Ke2 h4
65.a5 Qe4+ 66.Kf2 h3 67.Qf1 Qf5+ 68.Ke2 h2 69.Qh1 Qc2+ 70.Ke3 Kg7 71.Qa1+ f6
72.a6 Qc6  0-1

[Event "Fuerteventura"]
[Site "Fuerteventura"]
[Date "1992.??.??"]
[Round "?"]
[White "Trujillo, Ivan"]
[Black "Todorcevic, Miodrag"]
[Result "0-1"]
[WhiteElo "2325"]
[BlackElo "2470"]

1.e4 g6 2.d4 Bg7 3.Nc3 d6 4.Be3 c6 5.Qd2 Nd7 6.Nge2 b5 7.f3 a6 8.g3 e5 9.Bg2 Ngf6
10.O-O O-O 11.Rad1 Re8 12.dxe5 dxe5 13.Nc1 Bf8 14.Nb3 Qc7 15.Qf2 c5 16.Rd2 c4
17.Nc1 Bb7 18.Rfd1 b4 19.Nb1 Nc5 20.c3 a5 21.cxb4 axb4 22.Rc2 Ncxe4 23.fxe4 Ng4
24.Qe2 Nxe3  0-1